000 00768nam a2200253 i 4500
001 15886
003 ES-MaACL
005 20230906151200.0
007 t|
008 000516s1997 sp ||||0| spa j
020 _a84-921831-2-8
040 _aM-BN
_bspa
_cM-BN
080 _a821.134.2(861)-31"19"
100 1 _aMutis, Alvaro.
_984731
245 1 0 _aContextos para Maqroll /
_cAlvaro Mutis ; introducción de Ricardo Cano Gaviria.
250 _a1ª ed.
260 _aMontblanc, Tarragona :
_bIgitur ;
_aBogotá :
_bColcultura,
_c1997.
300 _a172 p. ;
_c22 cm.
490 1 _aIgitur/mito ;
_v1
700 1 _aCano Gaviria, Ricardo.
_934548
830 0 _aIgitur/mito ;
_v1
_9228615
852 _aES-MaACL
_jL-22882
_bR.128016
999 _c15886
_d15886